Management Research Methodology (Record no. 33846)

MARC details
000 -LEADER
fixed length control field 00476nam a22001697a 4500
005 - DATE AND TIME OF LATEST TRANSACTION
control field 20231010183737.0
008 - FIXED-LENGTH DATA ELEMENTS--GENERAL INFORMATION
fixed length control field 231010b |||||||| |||| 00| 0 eng d
020 ## - INTERNATIONAL STANDARD BOOK NUMBER
ISBN 9788177585636
082 ## - DEWEY DECIMAL CLASSIFICATION NUMBER
Classification number 658.072
Item number KRI-M
100 ## - MAIN ENTRY--AUTHOR
Author Name Krishnaswamy,K.N
245 ## - TITLE STATEMENT
Title Management Research Methodology
Remainder of title Integration of Principles, Methods and Techniques
260 ## - PUBLICATION, DISTRIBUTION, ETC.
Place of Publication India
Name of publisher, distributor, etc. Pearson
Date of publication, distribution, etc. 2006
300 ## - PHYSICAL DESCRIPTION
Pages 573
500 ## - GENERAL NOTE
General note Include Index
650 ## - SUBJECT ADDED ENTRY--TOPICAL TERM
Subject / Department Mnagment
700 ## - ADDED ENTRY--PERSONAL NAME
Personal name Krishnaswamy,K.N
952 ## - LOCATION AND ITEM INFORMATION (KOHA)
-- 0
-- 0
Holdings
Lost status Damaged status Collection code Permanent Location Current Location Shelving Location Date acquired Full Call Number Accession No./Barcode Date last seen
    Management Superior Information Resource Center (SIRC) Superior University- Main Campus Superior Information Resource Center (SIRC) Superior University- Main Campus Management 10/10/2023 658.072 KRI-M 2012 20669 10/10/2023

Powered by Koha